MyGZULibrary

Social research methods : (Record no. 1291)

MARC details
000 -LEADER
fixed length control field 01071cam a22002894a 4500
001 - CONTROL NUMBER
control field 4995251
003 - CONTROL NUMBER IDENTIFIER
control field GZU
005 - DATE AND TIME OF LATEST TRANSACTION
control field 20201005120041.0
008 - FIXED-LENGTH DATA ELEMENTS--GENERAL INFORMATION
fixed length control field 990319s2000 maua b 001 0 eng
010 ## - LIBRARY OF CONGRESS CONTROL NUMBER
LC control number 99026312
020 ## - INTERNATIONAL STANDARD BOOK NUMBER
International Standard Book Number 0205297714
040 ## - CATALOGING SOURCE
Original cataloging agency DLC
Transcribing agency DLC
Modifying agency DLC
042 ## - AUTHENTICATION CODE
Authentication code pcc
050 00 - LIBRARY OF CONGRESS CALL NUMBER
Classification number H62
Item number .NEU 2000
100 1# - MAIN ENTRY--PERSONAL NAME
Personal name Neuman, W. Lawrence
Fuller form of name (William Lawrence),
Dates associated with a name 1950-
Relator term author
245 10 - TITLE STATEMENT
Title Social research methods :
Remainder of title qualitative and quantitative approaches /
Statement of responsibility, etc. W. Lawrence Neuman.
250 ## - EDITION STATEMENT
Edition statement 4th ed.
260 ## - PUBLICATION, DISTRIBUTION, ETC.
Place of publication, distribution, etc. Boston :
Name of publisher, distributor, etc. Allyn and Bacon,
Date of publication, distribution, etc. c2000.
300 ## - PHYSICAL DESCRIPTION
Extent xiv, 558 p. :
Other physical details ill. ;
Dimensions 25 cm.
504 ## - BIBLIOGRAPHY, ETC. NOTE
Bibliography, etc. note Includes bibliographical references (p. 523-549) and indexes.
650 #0 - SUBJECT ADDED ENTRY--TOPICAL TERM
Topical term or geographic name entry element Sociology
General subdivision Research
-- Methodology.
650 #0 - SUBJECT ADDED ENTRY--TOPICAL TERM
Topical term or geographic name entry element Social sciences
General subdivision Research
-- Methodology.
906 ## - LOCAL DATA ELEMENT F, LDF (RLIN)
a 7
b cbc
c orignew
d 1
e ocip
f 19
g y-gencatlg
942 ## - ADDED ENTRY ELEMENTS (KOHA)
Source of classification or shelving scheme Library of Congress Classification
Koha item type Books
Edition 4th ed.
Classification part 62
Item part NEU
Call number prefix H
Holdings
Withdrawn status Lost status Source of classification or shelving scheme Damaged status Not for loan Collection code Home library Current library Shelving location Date acquired Total Checkouts Full call number Barcode Date last seen Copy number Price effective from Koha item type Inventory number Total Renewals Date last checked out
    Library of Congress Classification     Non-fiction City Campus Library City Campus Library General Stacks 10/30/2001   H62 NEU 2000 B017589 10/05/2020 c. 1 10/05/2020 Books      
    Library of Congress Classification     Non-fiction City Campus Library City Campus Library General Stacks 10/30/2001   H62 NEU 2000 013344 10/05/2020 c. 2 10/05/2020 Books      
          Non-fiction City Campus Library City Campus Library General Stacks 10/12/2020   H62 NEU 2000 *B016183* 10/12/2020 c.3 10/12/2020 Books 84    
          Non-fiction City Campus Library City Campus Library General Stacks 10/12/2020 2 H62 NEU 2000 013208 11/16/2022 c.4 10/12/2020 Books   1 11/09/2022